000 nam a22 7a 4500
999 _c9473
_d9473
008 180131b ||||| |||| 00| 0 eng d
100 _aNaib, N
_95672
245 _aTogether mental mathematics -II
260 _aNew Delhi
_bRachna publication
_c2007